[Event "Angers op 10th"]
[Site "Angers"]
[Date "2015.04.26"]
[Round "5"]
[White "Herve, Didier"]
[Black "Bertrand, Benjamin"]
[Result "0-1"]
[WhiteElo "1760"]
[BlackElo "1800"]
[PlyCount "144"]
[EventDate "2015.04.24"]
[EventType "swiss"]
[EventRounds "6"]
[EventCountry "FRA"]
[SourceTitle "CBM 166 Extra"]
[Source "ChessBase"]
[SourceDate "2015.06.18"]
[SourceVersion "1"]
[SourceVersionDate "2015.06.18"]
[SourceQuality "1"]

1. d4 Nf6 2. Nf3 g6 3. Bf4 Bg7 4. Nc3 d5 5. Qd2 c6 6. Bh6 Bxh6 7. Qxh6 Bf5 8. Qd2 Qb6 9. b3 Na6 10. a3 c5 11. e3 Rc8 12. Na4 Qc7 13. Bxa6 bxa6 14. Nxc5 Ne4 15. Nxe4 Bxe4 16. Rc1 0-0 17. c3 Qa5 18. Qb2 Rc7 19. Rg1 Rfc8 20. b4 Qb5 21. Qd2 Qa4 22. Qb2 Qb5 23. Qd2 a5 24. Ng5 Bd3 25. f3 h6 26. Nh3 Bc4 27. g4 Qa4 28. Qb2 axb4 29. axb4 a5 30. Kd2 Qb5 31. Nf2 a4 32. Qa3 Bb3 33. Nd1 Qc6 34. Qb2 Qf6 35. f4 Qh4 36. Rg2 Qh3 37. Ke1 Qf3 38. Qf2 Qe4 39. Qd2 a3 40. Rf2 a2 41. Ra1 Bc4 42. Qb2 Qh1+ 43. Kd2 Qe4 44. Ke1 Ra8 45. Qc2 Bd3 46. Qb2 Rca7 47. f5 g5 48. h4 f6 49. hxg5 hxg5 50. Rh2 Qxg4 51. Qf2 Qxf5 52. Qxf5 Bxf5 53. Rf2 Bb1 54. Rb2 Rb7 55. Kf2 Kg7 56. Kg3 Rh8 57. Nf2 Rc7 58. Rb3 Rhc8 59. Nd1 Rc6 60. Kf2 Kg6 61. b5 Rb6 62. Nb2 Rcb8 63. c4 dxc4 64. Nxc4 Rxb5 65. Rxb5 Rxb5 66. Na3 Rb2+ 67. Kg3 Rb3 68. Nc4 Rc3 69. Nd2 Rxe3+ 70. Kf2 Rd3 71. Nxb1 axb1Q 72. Rxb1 Rxd4 0-1

[Event "Angers op 10th"]
[Site "Angers"]
[Date "2015.04.24"]
[Round "1"]
[White "Herve, Didier"]
[Black "Daurelle, Herve"]
[Result "0-1"]
[WhiteElo "1760"]
[BlackElo "2195"]
[PlyCount "54"]
[EventDate "2015.04.24"]
[EventType "swiss"]
[EventRounds "6"]
[EventCountry "FRA"]
[SourceTitle "CBM 166 Extra"]
[Source "ChessBase"]
[SourceDate "2015.06.18"]
[SourceVersion "1"]
[SourceVersionDate "2015.06.18"]
[SourceQuality "1"]

1. d4 c5 2. e3 Nf6 3. c3 b6 4. Nf3 Bb7 5. Bd3 g6 6. 0-0 Bg7 7. Nbd2 0-0 8. Re1 d5 9. e4 dxe4 10. Nxe4 cxd4 11. cxd4 Nc6 12. Be3 Nd5 13. Nc3 Nxe3 14. fxe3 Rc8 15. a3 Qd7 16. Bb5 a6 17. Be2 b5 18. Ne4 Nxd4 19. exd4 Bxe4 20. Ne5 Qd5 21. Bf3 Bxf3 22. Nxf3 e6 23. Re2 Rfd8 24. Rd2 Rc4 25. Kh1 Rdc8 26. Rb1 Bh6 27. Re2 Rc1 0-1

[Event "Angers op 1st"]
[Site "Angers"]
[Date "2006.05.07"]
[Round "4"]
[White "Herve, Didier"]
[Black "Mahe, Frederic"]
[Result "0-1"]
[WhiteElo "1770"]
[BlackElo "2004"]
[PlyCount "152"]
[EventDate "2006.05.06"]
[EventType "swiss"]
[EventRounds "6"]
[EventCountry "FRA"]
[SourceTitle "EXT 2007"]
[Source "ChessBase"]
[SourceDate "2006.11.23"]
[SourceVersion "1"]
[SourceVersionDate "2006.11.23"]
[SourceQuality "1"]

1. d4 e6 2. Bf4 b6 3. Nf3 Bb7 4. e3 Nf6 5. Nbd2 Be7 6. Bd3 d5 7. Ne5 Nbd7 8. Ndf3 Nxe5 9. Nxe5 Nd7 10. Qh5 Nxe5 11. Bxe5 Bf6 12. Bg3 Qe7 13. Qe2 0-0 14. h4 c5 15. c3 cxd4 16. exd4 a6 17. h5 b5 18. h6 g6 19. Qg4 b4 20. Bh4 Bxh4 21. Rxh4 Rfc8 22. Rc1 e5 23. Kf1 e4 24. Be2 Rc7 25. Qg3 a5 26. c4 dxc4 27. Bxc4 Ba6 28. b3 Rac8 29. Kg1 Bxc4 30. Rxc4 Rxc4 31. bxc4 Rxc4 32. Qb8+ Qf8 33. Qe5 a4 34. Qxe4 b3 35. axb3 axb3 36. Qb1 Qb8 37. Re4 b2 38. Re1 Kf8 39. Rd1 Qb3 40. Kh2 Qc2 41. Qxc2 Rxc2 42. Rb1 Rxf2 43. Kg3 Rc2 44. Kf3 Ke7 45. g4 Kd6 46. Ke3 Kd5 47. Kd3 Rg2 48. Kc3 Rxg4 49. Rxb2 Rg3+ 50. Kb4 Kxd4 51. Rc2 Rh3 52. Rc7 Rxh6 53. Rxf7 g5 54. Rd7+ Ke5 55. Kc3 Kf4 56. Rf7+ Kg3 57. Kd3 g4 58. Ke2 Rh2+ 59. Kf1 Rh1+ 60. Ke2 h5 61. Rc7 Rh2+ 62. Kf1 Rf2+ 63. Kg1 h4 64. Rc3+ Rf3 65. Rc2 h3 66. Rg2+ Kf4 67. Rc2 Re3 68. Kh2 Kf3 69. Rc1 Re2+ 70. Kh1 g3 71. Rf1+ Rf2 72. Re1 g2+ 73. Kh2 Rf1 74. Rxf1+ gxf1B 75. Kh1 Kg3 76. Kg1 h2+ 0-1